000 00554nam a2200169Ia 4500
008 180921t2018 xxu||||| |||| 00| 0 sin d
041 _asin
080 _a8-31
_bතුර්ගි
100 _aතුර්ගිනිෆ්, ඉවාන්
245 _aනැවුම් පස
260 _bසූරිය ප්‍රකාශකයෝ
_aකොළඹ
_c2018
300 _aසෙ.මි.21, පි.463
700 _aආනන්ද අමරසිරි
_eපරි.
942 _cBK
999 _c11355
_d11355
003 LK-CoDNM
040 _aLK-CoDNM
_dLK-CoDNM
_eLK-CoDNM